<?xml version="1.0" encoding="UTF-8"?>
<record
    xmlns:xsi="http://www.w3.org/2001/XMLSchema-instance"
    xsi:schemaLocation="http://www.loc.gov/MARC21/slim http://www.loc.gov/standards/marcxml/schema/MARC21slim.xsd"
    xmlns="http://www.loc.gov/MARC21/slim">

  <leader>02741nam a2200289 a 4500</leader>
  <controlfield tag="001">1090717</controlfield>
  <controlfield tag="003">OSt</controlfield>
  <controlfield tag="005">20210127093518.0</controlfield>
  <controlfield tag="008">070317s2006    sp a   gr     00110 spa d</controlfield>
  <datafield tag="020" ind1=" " ind2=" ">
    <subfield code="a">9788496111721</subfield>
  </datafield>
  <datafield tag="040" ind1=" " ind2=" ">
    <subfield code="a">CO-BoBLA </subfield>
    <subfield code="b">spa </subfield>
    <subfield code="c">CO-BoBLA</subfield>
  </datafield>
  <datafield tag="041" ind1="1" ind2=" ">
    <subfield code="a">spa </subfield>
    <subfield code="h">eng</subfield>
  </datafield>
  <datafield tag="082" ind1="0" ind2="4">
    <subfield code="a">796.8 </subfield>
    <subfield code="b">K71c</subfield>
  </datafield>
  <datafield tag="100" ind1="1" ind2=" ">
    <subfield code="a">Kraemer, William J.</subfield>
  </datafield>
  <datafield tag="245" ind1="1" ind2="0">
    <subfield code="a">C&#xF3;mo optimizar el entrenamiento de fuerza</subfield>
    <subfield code="c">William J. Kraemer y Keijo Hakkinen</subfield>
    <subfield code="b">Dise&#xF1;o de ejercicios de periodizaci&#xF3;n ondulante</subfield>
  </datafield>
  <datafield tag="260" ind1="3" ind2=" ">
    <subfield code="a">Barcelona : </subfield>
    <subfield code="b">Arkano book</subfield>
    <subfield code="c">2006.</subfield>
  </datafield>
  <datafield tag="300" ind1=" " ind2=" ">
    <subfield code="a">250 p. : </subfield>
    <subfield code="b">il. ; </subfield>
    <subfield code="c">24 cm.</subfield>
  </datafield>
  <datafield tag="500" ind1=" " ind2=" ">
    <subfield code="a">C&#xF3;mo optimizar el entrenamiento de fuerza

Los doctores Kraemer y Fleck han modelado de nuevo un sistema de entrenamiento muy eficaz que beneficia tanto al entrenador como al atleta. El sistema ondulante consigue incrementos simult&#xE1;neos de fuerza y potencia, y sit&#xFA;a al atleta en una &#xF3;ptima situaci&#xF3;n para lograr el &#xE9;xito. Combinan el arte de entrenar y los fundamentos cient&#xED;ficos para, de esta forma, aprovechar al m&#xE1;ximo cada sesi&#xF3;n de entrenamiento. Los atletas pueden entrenarse de forma segura durante per&#xED;odos largos logrando resultados sorprendentes. Nosotros hemos utilizado ya, con &#xE9;xito, este sistema de entrenamiento con nuestro equipo.
Entrenador Jon Torine
Entrenador Principal de Fuerza y Preparaci&#xF3;n F&#xED;sica Indianapolis Colts, Campeones de la XLI Super Bowl

El entrenamiento de fuerza con periodizaci&#xF3;n lineal es reconocido desde hace mucho tiempo como un sistema eficaz de entrenamiento de resistencia. Pero hasta ahora nadie hab&#xED;a investigado los beneficios potenciales de un programa de entrenamiento con periodizaci&#xF3;n ondulante.

Los autores, los doctores William Kraemer y Steven Fleck, profundizan en la periodizaci&#xF3;n ondulante, o no lineal, para examinar c&#xF3;mo un cambio sistem&#xE1;tico de una sesi&#xF3;n a otra en la intensidad y el volumen del entrenamiento puede mejorar el rendimiento m&#xE1;s all&#xE1; de lo que podr&#xED;a esperarse con el entrenamiento de peso tradicional.

Explican c&#xF3;mo funciona la periodizaci&#xF3;n ondulante y a continuaci&#xF3;n muestran c&#xF3;mo crear programas de entrenamiento con periodizaci&#xF3;n no lineal. Los profesionales de la preparaci&#xF3;n f&#xED;sica y los entrenadores descubrir&#xE1;n que este estilo &#xFA;nico de entrenamiento reduce el aburrimiento de sus clientes y atletas, a la vez que asegura un per&#xED;odo de recuperaci&#xF3;n adecuado para los rigores del entrenamiento.
</subfield>
  </datafield>
  <datafield tag="534" ind1=" " ind2=" ">
    <subfield code="p">T&#xFFFD;tulo original : </subfield>
    <subfield code="t">Strength training for sport.</subfield>
  </datafield>
  <datafield tag="650" ind1=" " ind2=" ">
    <subfield code="a">Defensa personal.</subfield>
  </datafield>
  <datafield tag="650" ind1=" " ind2=" ">
    <subfield code="a">Entrenamiento deportivo.</subfield>
  </datafield>
  <datafield tag="700" ind1="1" ind2="2">
    <subfield code="a">Hakkinen, Keijo.</subfield>
  </datafield>
  <datafield tag="700" ind1="1" ind2="2">
    <subfield code="a">Ense&#xFFFD;at, Assumpta, </subfield>
    <subfield code="e">tr.</subfield>
  </datafield>
  <datafield tag="700" ind1="1" ind2="2">
    <subfield code="a">Blanco, Alfonso, </subfield>
    <subfield code="e">tr.</subfield>
  </datafield>
  <datafield tag="942" ind1=" " ind2=" ">
    <subfield code="2">ddc</subfield>
    <subfield code="c">BK</subfield>
  </datafield>
  <datafield tag="949" ind1=" " ind2=" ">
    <subfield code="a">n                     </subfield>
    <subfield code="b">n</subfield>
  </datafield>
  <datafield tag="999" ind1=" " ind2=" ">
    <subfield code="c">12860</subfield>
    <subfield code="d">12860</subfield>
  </datafield>
  <datafield tag="952" ind1=" " ind2=" ">
    <subfield code="0">0</subfield>
    <subfield code="1">0</subfield>
    <subfield code="2">ddc</subfield>
    <subfield code="4">0</subfield>
    <subfield code="7">0</subfield>
    <subfield code="8">GEN</subfield>
    <subfield code="a">BPMOS</subfield>
    <subfield code="b">BPMOS</subfield>
    <subfield code="d">2021-01-27</subfield>
    <subfield code="e">Compra</subfield>
    <subfield code="i">nt</subfield>
    <subfield code="l">2</subfield>
    <subfield code="o">796.8  K71c</subfield>
    <subfield code="p">MOS500548</subfield>
    <subfield code="r">2022-10-04</subfield>
    <subfield code="s">2022-09-26</subfield>
    <subfield code="t">ej 1</subfield>
    <subfield code="w">2021-01-27</subfield>
    <subfield code="y">BK</subfield>
    <subfield code="z">Ocho dias</subfield>
  </datafield>
  <datafield tag="952" ind1=" " ind2=" ">
    <subfield code="0">0</subfield>
    <subfield code="1">0</subfield>
    <subfield code="2">ddc</subfield>
    <subfield code="4">0</subfield>
    <subfield code="7">0</subfield>
    <subfield code="8">GEN</subfield>
    <subfield code="a">BPMOS</subfield>
    <subfield code="b">BPMOS</subfield>
    <subfield code="d">2021-01-27</subfield>
    <subfield code="e">Compra</subfield>
    <subfield code="i">nt</subfield>
    <subfield code="l">3</subfield>
    <subfield code="m">4</subfield>
    <subfield code="o">796.8  K71c</subfield>
    <subfield code="p">MOS500549</subfield>
    <subfield code="q">2026-07-18</subfield>
    <subfield code="r">2026-06-12</subfield>
    <subfield code="s">2026-06-12</subfield>
    <subfield code="t">ej 2</subfield>
    <subfield code="w">2021-01-27</subfield>
    <subfield code="y">BK</subfield>
    <subfield code="z">Ocho dias</subfield>
  </datafield>
</record>
